| 000 | 01322nam a2200253Ia 4500 | ||
|---|---|---|---|
| 999 |
_c54627 _d54627 |
||
| 001 | 21694 | ||
| 003 | GE_BSU | ||
| 005 | 20250728153102.0 | ||
| 008 | 181216s2017||||ge |||||||||||||| ||geo|| | ||
| 020 | _a9789941248283 | ||
| 040 | _cGE_BSU | ||
| 041 | _ageo | ||
| 080 | _a27-36 თ-54 | ||
| 245 |
_aႧვენი. [ტ.] 25, 1 სექტემბერი - 10 სექტემბერი (ახალი სტილით 14 სექტემბერი - 23 სექტემბერი / _cპროექტის ავტორი და რედაქტორი თამარ მამაცაშვილი ; შემდგენელი მანანა ტუაევა ; დიზაინერი რატი თორდია. |
||
| 264 |
_aთბილისი : _bპალიტრა L, _c2017. |
||
| 300 |
_a341 გვ. ; _c22 სმ. |
||
| 490 | _aჟურნალ ”კარიბჭის” ბიბლიოთეკა | ||
| 541 | _h6 ლ. | ||
| 653 | _aთვენი. 1 სექტემბერი -10 სექტემბერი. 25 | ||
| 653 | _aმართლმადიდებლური ეკლესია | ||
| 653 | _aწმინდანთა ცხოვრება | ||
| 653 | _aრელიგია | ||
| 942 |
_cBK _2udc |
||